Science Quiz

Random Science or Animal Quiz

Baby Animals Quiz Stats

 Plays Quiz Updated Dec 7, 2017

Support Sporcle.
Go Orange.
Score 0/16 Timer 05:00
2 Plays Today
Adult Name Baby Name % Correct
SheepLamb
80.3%
KangarooJoey
75.6%
HorseFoal
75%
GoatKid
73%
DeerFawn
64%
CoyoteWhelp
57.8%
DoveSquab
40.5%
CamelCalf
38.2%
Adult Name Baby Name % Correct
EagleFledgling
32.9%
SkunkKit
32.4%
ServalKitten
17.9%
DinosaurHatchling
15.5%
HogShoat
11.6%
GorillaInfant
7.6%
PlatypusPuggle
4.7%
LlamaCria
4.4%

You're not logged in!

Compare scores with friends on all Sporcle quizzes.
OR
Log In

From the Vault

Opening Day Lineups: Indians

by ckrubin

For the 2010 season, we look back on the last 20 years: Indians Edition.
Remove Ads.
Support Sporcle.
Get the best of Sporcle when you Go Orange. This ad-free experience offers more features, more stats, and more fun while also helping to support Sporcle. Thank you for becoming a member.

Show Comments

Extras

Top Quizzes Today


Score Distribution

Your Account Isn't Verified!

In order to create a playlist on Sporcle, you need to verify the email address you used during registration. Go to your Sporcle Settings to finish the process.

Report this User

Report this user for behavior that violates our Community Guidelines.

Details: